[Event "Israel Championship finals"]
[Site "?"]
[Date "2002.11.24"]
[Round "1"]
[White "Kantsler, Boris"]
[Black "Hmelniker, Ilya"]
[Result "1/2-1/2"]
[WhiteElo "2486"]
[BlackElo "2298"]
[PlyCount "30"]

1. d4 f5 2. c4 e6 3. g3 Nf6 4. Bg2 c6 5. Qc2 d5 6. Nh3 Bd6 7. Bf4 Be7 8. O-O
O-O 9. Nd2 Nh5 10. Bxb8 Rxb8 11. e3 g5 12. f4 g4 13. Nf2 Nf6 14. Nd3 h5 15. Nf2
h4 1/2-1/2

[Event "Israel Championship finals"]
[Site "?"]
[Date "2002.11.24"]
[Round "1"]
[White "Deutsch, Eyal"]
[Black "Finkel, Alexander"]
[Result "1/2-1/2"]
[WhiteElo "2272"]
[BlackElo "2485"]
[PlyCount "31"]

1. e4 d6 2. d4 Nf6 3. f3 Nbd7 4. Be3 c5 5. c3 g6 6. Qd2 Bg7 7. Bd3 O-O 8. Ne2
e5 9. d5 Ne8 10. c4 f5 11. exf5 gxf5 12. Nbc3 Kh8 13. O-O-O a6 14. g4 e4 15.
fxe4 fxg4 16. h3 1/2-1/2

[Event "Israel Championship finals"]
[Site "?"]
[Date "2002.11.24"]
[Round "1"]
[White "Shachar, Ehud"]
[Black "Gershon, Alik"]
[Result "1/2-1/2"]
[WhiteElo "2374"]
[BlackElo "2562"]
[PlyCount "55"]

1. e4 c5 2. Nf3 d6 3. c3 Nf6 4. Bd3 Nbd7 5. O-O b6 6. Re1 e6 7. Bc2 Bb7 8. d4
cxd4 9. cxd4 Be7 10. Nc3 O-O 11. e5 dxe5 12. dxe5 Nd5 13. Nxd5 Bxd5 14. Qd3 g6
15. Bh6 Re8 16. Qe3 Rc8 17. Bd3 Bxf3 18. Qxf3 Bg5 19. Bxg5 Qxg5 20. Qe3 Qxe3
21. Rxe3 Rc5 22. f4 Rd8 23. Be4 Nf8 24. Rae1 Kg7 25. h4 h6 26. Kf2 Rd4 27. R1e2
Nd7 28. Rd3 1/2-1/2

[Event "Israel Championship finals"]
[Site "?"]
[Date "2002.11.24"]
[Round "1"]
[White "Veinshtein, Vladimir"]
[Black "Lerner, Konstantin"]
[Result "1/2-1/2"]
[WhiteElo "2321"]
[BlackElo "2504"]
[PlyCount "59"]

1. e4 c5 2. Nf3 d6 3. d4 cxd4 4. Qxd4 a6 5. Be3 Nc6 6. Qb6 Qxb6 7. Bxb6 Nb4 8.
Na3 Nf6 9. c3 Nc6 10. Bd3 g6 11. Nc4 Be6 12. Ng5 Bxc4 13. Bxc4 Ne5 14. Bb3 Bh6
15. h4 Bxg5 16. hxg5 Nxe4 17. O-O-O Nd7 18. Bd4 e5 19. Rhe1 Nxg5 20. f4 Ne6 21.
fxe5 Nxd4 22. Rxd4 dxe5 23. Bxf7+ Ke7 24. Bd5 Rab8 25. Bf3 h5 26. Rc4 g5 27.
Rd1 g4 28. Be4 Rbc8 29. Rxc8 Rxc8 30. Bxb7 1/2-1/2

[Event "Israel Championship finals"]
[Site "?"]
[Date "2002.11.24"]
[Round "1"]
[White "Avrukh, Boris"]
[Black "Bar, Roman"]
[Result "1-0"]
[WhiteElo "2595"]
[BlackElo "2413"]
[PlyCount "61"]

1. d4 Nf6 2. c4 e6 3. Nf3 c5 4. d5 d6 5. Nc3 exd5 6. cxd5 g6 7. h3 a6 8. a4 Qe7
9. Bf4 Nbd7 10. e3 Bg7 11. Be2 O-O 12. O-O Ne8 13. Nd2 Ne5 14. Bg3 f5 15. Re1
Nf6 16. Ra3 Rb8 17. Rb3 g5 18. f4 Ng6 19. Nc4 g4 20. Rb6 h5 21. Bf2 h4 22. hxg4
Nxg4 23. Nxd6 Nxf2 24. Kxf2 Nxf4 25. Bc4 h3 26. Nxc8 Qg5 27. g3 Rbxc8 28. d6+
Kh7 29. exf4 Qg6 30. Rh1 Bd4+ 31. Kf1 1-0

[Event "Israel Championship finals"]
[Site "?"]
[Date "2002.11.24"]
[Round "1"]
[White "Golod, Vitali"]
[Black "Pasman, Michael"]
[Result "1-0"]
[WhiteElo "2523"]
[BlackElo "2345"]
[PlyCount "76"]

1. d4 d5 2. c4 c6 3. Nf3 Nf6 4. e3 a6 5. a4 e6 6. Qc2 c5 7. dxc5 Bxc5 8. cxd5
Bb4+ 9. Bd2 Nxd5 10. e4 Qc7 11. Na3 Qxc2 12. Nxc2 Bxd2+ 13. Nxd2 Ne7 14. Nc4
Kd8 15. b4 Nd7 16. Be2 Kc7 17. O-O b6 18. Rfc1 Ra7 19. Nd4 Kb8 20. Nd6 Rf8 21.
Rc3 Nf6 22. Nc6+ Nxc6 23. Rxc6 Bb7 24. Rxb6 Kc7 25. Rc1+ Kb8 26. Rd1 Rd8 27. f3
Rd7 28. a5 Rc7 29. Kf1 g6 30. g4 Rd7 31. g5 Nh5 32. b5 axb5 33. Bxb5 Rxd6 34.
Rdxd6 Rxa5 35. Rd7 Ra1+ 36. Kf2 Ra2+ 37. Ke3 Ra3+ 38. Kd2 Ra7 1-0

[Event "Israel Championship finals"]
[Site "?"]
[Date "2002.11.24"]
[Round "1"]
[White "Roth, Efim"]
[Black "Zilberman, Yaacov"]
[Result "1-0"]
[WhiteElo "2125"]
[BlackElo "2467"]
[PlyCount "109"]

1. e4 Nf6 2. e5 Nd5 3. d4 d6 4. c4 Nb6 5. f4 Bf5 6. Nc3 e6 7. Be3 dxe5 8. fxe5
Be7 9. Nf3 O-O 10. Bd3 Bxd3 11. Qxd3 Na6 12. a3 c5 13. d5 exd5 14. cxd5 c4 15.
Qe4 Nc5 16. Bxc5 Bxc5 17. O-O-O Rc8 18. h4 f5 19. Qf4 Qe8 20. d6 h6 21. Kb1 Rf7
22. Rhe1 Qe6 23. h5 a6 24. Rc1 Rff8 25. Nh4 Rce8 26. g3 Rf7 27. Rcd1 Rd8 28.
Ng6 Re8 29. Ka1 Qc8 30. Qf3 Kh7 31. Nf4 Rd7 32. Ne6 Kg8 33. Nxc5 Qxc5 34. Qxf5
Rf7 35. Qg4 Rxe5 36. Rxe5 Qxe5 37. d7 Nxd7 38. Rxd7 Rxd7 39. Qxd7 Qxh5 40. Qxb7
Qg6 41. Qa8+ Kh7 42. Qe4 Qxe4 43. Nxe4 h5 44. Kb1 Kg6 45. Kc2 Kf5 46. Nf2 Ke5
47. Kc3 Kd5 48. Nh3 Ke4 49. Kxc4 Kf3 50. Nf4 h4 51. gxh4 Kxf4 52. b4 Kg4 53. a4
Kxh4 54. b5 axb5+ 55. axb5 1-0

[Event "Israel Championship finals"]
[Site "?"]
[Date "2002.11.24"]
[Round "1"]
[White "Tseitlin, Mark"]
[Black "Lederer, Yoav"]
[Result "1-0"]
[WhiteElo "2472"]
[BlackElo "2272"]
[PlyCount "87"]

1. e4 c5 2. Nf3 d6 3. d4 cxd4 4. Nxd4 Nf6 5. Nc3 Nc6 6. Bg5 e6 7. Qd2 Qb6 8.
Nb3 a6 9. O-O-O Be7 10. f3 O-O 11. g4 Qc7 12. h4 b5 13. h5 Ne5 14. Nd4 b4 15.
Nb1 Qc5 16. Bh4 Bb7 17. g5 Nxh5 18. g6 Nxg6 19. Bxe7 Nxe7 20. Nb3 Qe5 21. Qxb4
Ng3 22. Qxb7 Qg5+ 23. f4 Qxf4+ 24. N1d2 Nxh1 25. Qxe7 Nf2 26. Re1 h5 27. Nd4 d5
28. Bg2 dxe4 29. Bxe4 Rad8 30. N4f3 Rd6 31. Bh7+ Kxh7 32. Qxf8 Rd5 33. Re2 Ng4
34. Re4 Qf5 35. Qb4 g5 36. Qf8 Nf6 37. Qb4 a5 38. Qc4 h4 39. Qe2 h3 40. c4 Rc5
41. Nb3 Rc8 42. Nbd4 Rxc4+ 43. Qxc4 Qxe4 44. Nxg5+ 1-0

[Event "Israel Championship finals"]
[Site "?"]
[Date "2002.11.24"]
[Round "1"]
[White "Postny, Evgeny"]
[Black "Kagansky, Gleb"]
[Result "1-0"]
[WhiteElo "2497"]
[BlackElo "2315"]
[PlyCount "73"]

1. e4 c6 2. d4 d5 3. f3 e6 4. Nc3 Bb4 5. Bf4 Ne7 6. Qd3 Nd7 7. O-O-O O-O 8.
Nge2 b5 9. h4 Bb7 10. h5 a6 11. h6 g6 12. Qe3 c5 13. Bd6 e5 14. dxc5 Re8 15. a3
Bxc3 16. Qxc3 Nc8 17. c6 Nxd6 18. Rxd5 Re6 19. cxb7 Nxb7 20. g3 Rc8 21. Qd2
Nbc5 22. Kb1 Rc7 23. Bh3 Re7 24. Rd1 Qf8 25. Qa5 Nf6 26. Rd8 Ne8 27. Qb6 Na4
28. Qxa6 Qxh6 29. Qxb5 Kf8 30. Bd7 Qe3 31. Bxe8 Nc5 32. Bc6+ Kg7 33. Nc3 Ne6
34. Nd5 Qxf3 35. Nxe7 Nxd8 36. Qxe5+ f6 37. Nf5+ 1-0

[Event "Israel Championship finals"]
[Site "?"]
[Date "2002.11.26"]
[Round "2"]
[White "Michalevski, Victor"]
[Black "Deutsch, Eyal"]
[Result "1-0"]
[WhiteElo "2524"]
[BlackElo "2272"]
[PlyCount "51"]

1. d4 d5 2. c4 c6 3. Nf3 Nf6 4. e3 Bg4 5. Qb3 Qb6 6. Nc3 e6 7. Ne5 Bf5 8. c5
Qc7 9. Be2 h6 10. Qa4 Nbd7 11. Nxd7 Nxd7 12. O-O Be7 13. b4 b6 14. b5 bxc5 15.
bxc6 Nb6 16. Nb5 Qc8 17. Qa5 c4 18. e4 dxe4 19. Bf4 Nd5 20. Nc7+ Nxc7 21. Bxc7
Bd8 22. Bxd8 Qxd8 23. c7 Qxd4 24. Rad1 Qb6 25. Qa4+ Kf8 26. Qd7 1-0

[Event "Israel Championship finals"]
[Site "?"]
[Date "2002.11.26"]
[Round "2"]
[White "Vydeslaver, Alik"]
[Black "Kagansky, Gleb"]
[Result "1-0"]
[WhiteElo "2434"]
[BlackElo "2315"]
[PlyCount "59"]

1. e4 c6 2. d4 d5 3. Nd2 dxe4 4. Nxe4 Nd7 5. Bc4 Ngf6 6. Nxf6+ Nxf6 7. c3 e6 8.
Bg5 Be7 9. Nf3 O-O 10. O-O b6 11. Ne5 Bb7 12. Qe2 Nd5 13. Bxd5 cxd5 14. Bxe7
Qxe7 15. f4 a5 16. Rfe1 Ba6 17. Qg4 Rfe8 18. Re3 b5 19. Rg3 g6 20. h4 b4 21. h5
Qf6 22. hxg6 hxg6 23. Nd7 Qe7 24. f5 exf5 25. Qxf5 Qd6 26. Nf6+ Kf8 27. Qg5 Re6
28. Rh3 Rc8 29. Rh8+ Kg7 30. Nh5+ 1-0

[Event "Israel Championship finals"]
[Site "?"]
[Date "2002.11.26"]
[Round "2"]
[White "Erenburg, Sergey"]
[Black "Vainshtein, Vladimir"]
[Result "1/2-1/2"]
[WhiteElo "2494"]
[BlackElo "2321"]
[PlyCount "56"]

1. e4 c6 2. d4 d5 3. e5 Bf5 4. Nf3 e6 5. Be2 Be7 6. O-O Nd7 7. Be3 g5 8. Nbd2
h5 9. c4 Nh6 10. cxd5 exd5 11. Ne1 Qb6 12. Nb3 a5 13. Nd3 Ng4 14. Nbc5 Nxc5 15.
Nxc5 Qxb2 16. Bd3 Bxd3 17. Qxd3 Bxc5 18. Rfb1 Qa3 19. Rb3 Qa4 20. dxc5 Nxe3 21.
Qxe3 O-O-O 22. Rab1 Rd7 23. Qxg5 Re8 24. Qxh5 Qe4 25. h3 Qxe5 26. Qg4 Re6 27.
Qa4 Qc7 28. Rg3 Rd8 1/2-1/2

[Event "Israel Championship finals"]
[Site "?"]
[Date "2002.11.26"]
[Round "2"]
[White "Finkel, Alexander"]
[Black "Polyakov, Alex"]
[Result "1-0"]
[WhiteElo "2485"]
[BlackElo "2311"]
[PlyCount "65"]

1. e4 c5 2. c3 b6 3. d4 Bb7 4. d5 Nf6 5. Bd3 e5 6. Nf3 d6 7. Nbd2 Nbd7 8. a4 a6
9. O-O Be7 10. Re1 O-O 11. b4 g6 12. Rb1 Bc8 13. Bf1 Ne8 14. bxc5 bxc5 15. Nc4
Bf6 16. a5 Bg7 17. Bg5 f6 18. Bd2 Ra7 19. g3 Rb7 20. Rxb7 Bxb7 21. h4 h6 22.
Qb3 Bc8 23. h5 f5 24. Nh4 f4 25. Nxg6 fxg3 26. fxg3 Rf3 27. Re3 Rxf1+ 28. Kxf1
Ndf6 29. Kg1 Bh3 30. Qb7 Nxh5 31. Qe7 Qb8 32. Qh4 Qb1+ 33. Be1 1-0

[Event "Israel Championship finals"]
[Site "?"]
[Date "2002.11.26"]
[Round "2"]
[White "Hmelniker, Ilya"]
[Black "Greenfeld, Alon"]
[Result "0-1"]
[WhiteElo "2298"]
[BlackElo "2553"]
[PlyCount "106"]

1. d4 Nf6 2. c4 g6 3. Nc3 d5 4. Nf3 Bg7 5. Bg5 Ne4 6. cxd5 Nxg5 7. Nxg5 e6 8.
Qd2 h6 9. Nf3 exd5 10. b4 O-O 11. e3 Be6 12. Be2 Nd7 13. O-O c6 14. Rab1 Re8
15. Rfc1 Bf8 16. Na4 Bf5 17. Bd3 Bg4 18. Ne1 b5 19. Nb2 Nb6 20. Rxc6 Nc4 21.
Nxc4 dxc4 22. Bc2 a6 23. Bd1 Bf5 24. Nc2 Be4 25. Rc5 Bxc5 26. bxc5 Qg5 27. g3
Rad8 28. Qc3 h5 29. Rc1 Bd5 30. Nb4 Ba8 31. Nxa6 Qd5 32. f3 Qe6 33. Nc7 Qxe3+
34. Qxe3 Rxe3 35. Nxb5 Bc6 36. Nd6 Rd3 37. Be2 Rxd4 38. Kf2 Rd2 39. Ke3 Rxa2
40. Bxc4 Ra3+ 41. Ke2 Rb8 42. Rc2 Bxf3+ 43. Kf2 Bc6 44. Nxf7 Rf3+ 45. Ke1 Rxf7
46. Bxf7+ Kxf7 47. Kd2 Ke6 48. Ke3 Ke5 49. Ra2 Rb5 50. Ra7 Rxc5 51. Rg7 Kf6 52.
Rc7 Rc2 53. h3 Be4 0-1

[Event "Israel Championship finals"]
[Site "?"]
[Date "2002.11.26"]
[Round "2"]
[White "Sutovsky, Emil"]
[Black "Roth, Efim"]
[Result "1-0"]
[WhiteElo "2657"]
[BlackElo "2125"]
[PlyCount "87"]

1. e4 c5 2. Nf3 d6 3. d4 cxd4 4. Nxd4 Nf6 5. Nc3 a6 6. Bc4 e6 7. Bb3 b5 8. O-O
Be7 9. Qf3 Qc7 10. Re1 O-O 11. Qg3 Bd7 12. Bh6 Ne8 13. Rad1 Nc6 14. Nxc6 Bxc6
15. a3 Bf6 16. Bg5 Rd8 17. Rd3 a5 18. a4 b4 19. Nb5 Bxb5 20. axb5 Qc5 21. e5
Bxg5 22. Qxg5 Ra8 23. Ba4 f6 24. Qg4 fxe5 25. Qxe6+ Kh8 26. Ree3 Rd8 27. Qd5
Qxd5 28. Rxd5 Nf6 29. Rd1 e4 30. c4 bxc3 31. bxc3 d5 32. f3 Rb8 33. fxe4 dxe4
34. c4 Rfc8 35. Rc3 Rc5 36. Kf2 Ng4+ 37. Kg3 Ne5 38. Rd4 e3 39. Bb3 e2 40. Re3
Nc6 41. Rde4 h6 42. Re8+ Kh7 43. Bc2+ g6 44. bxc6 1-0

[Event "Israel Championship finals"]
[Site "?"]
[Date "2002.11.26"]
[Round "2"]
[White "Porat, Shay"]
[Black "Roiz, Michael"]
[Result "0-1"]
[WhiteElo "2343"]
[BlackElo "2512"]
[PlyCount "110"]

1. d4 Nf6 2. c4 e6 3. g3 d5 4. Nf3 dxc4 5. Bg2 Nc6 6. O-O Rb8 7. e3 b5 8. Qe2
Be7 9. b3 cxb3 10. Nfd2 Bd7 11. axb3 e5 12. dxe5 Nxe5 13. Bb2 Bd6 14. Rxa7 O-O
15. Nc3 Bg4 16. f3 Bf5 17. Nde4 Nxe4 18. Nxe4 Bxe4 19. fxe4 Re8 20. Rd1 Qe7 21.
Rd5 b4 22. Ra1 f6 23. Rdd1 Nf7 24. Qc4 Kh8 25. Bd4 Rbd8 26. Rac1 h6 27. Bc5 c6
28. Rd4 Bxc5 29. Qxc5 Qxc5 30. Rxc5 Ne5 31. Rc2 Rb8 32. Kf1 Re7 33. Ke2 Rc7 34.
Rc5 Ra7 35. Bh3 Ra2+ 36. Rd2 Rxd2+ 37. Kxd2 Rd8+ 38. Ke2 Ra8 39. Rc2 Ra1 40.
Kf2 Kg8 41. Bc8 Kf8 42. Be6 Ke7 43. Bg8 g5 44. h3 h5 45. Rd2 Rh1 46. Kg2 Rh2+
47. Kxh2 Nf3+ 48. Kg2 Nxd2 49. Kf2 Nxe4+ 50. Kf3 f5 51. h4 g4+ 52. Kf4 Kf6 53.
Bc4 Nc5 54. e4 Nxe4 55. Bd3 Nc3 0-1

[Event "Israel Championship finals"]
[Site "?"]
[Date "2002.11.26"]
[Round "2"]
[White "Gofshtein, Zvulun (Leonid)"]
[Black "Pasman, Michael"]
[Result "1-0"]
[WhiteElo "2519"]
[BlackElo "2345"]
[PlyCount "109"]

1. e4 c6 2. d4 d5 3. e5 Bf5 4. Nf3 e6 5. Be2 Ne7 6. O-O Bg6 7. b3 Nd7 8. c4 Nf5
9. Bb2 Be7 10. Nbd2 O-O 11. g4 Nh6 12. h3 f6 13. Nh4 Qe8 14. exf6 Bxf6 15. Nxg6
Qxg6 16. Nf3 Nf7 17. Ba3 h5 18. Bd3 Qh6 19. Bxf8 Rxf8 20. Kg2 hxg4 21. hxg4 Qf4
22. Rg1 Qxg4+ 23. Kf1 Qh3+ 24. Ke2 Ng5 25. Rg3 Qh5 26. Qh1 Qxh1 27. Rxh1 Nxf3
28. Rxf3 Kf7 29. cxd5 exd5 30. Bf5 Nb8 31. Kd3 Na6 32. Re1 Nc7 33. Rg3 g5 34.
Rh3 Rh8 35. Rxh8 Bxh8 36. Bc8 Nb5 37. Bxb7 Nxd4 38. Rc1 Ke6 39. Bxc6 Nf3 40.
Bb5 Bd4 41. Ke2 g4 42. Ba6 Ke5 43. Bc8 Kf4 44. Be6 Bb2 45. Rb1 Nd4+ 46. Kf1
Nxe6 47. Rxb2 d4 48. Re2 Kf5 49. Ke1 Nf4 50. Re7 Nd3+ 51. Kd2 Ne5 52. Rxa7 Kf4
53. Re7 Nf3+ 54. Kd3 Ne5+ 55. Rxe5 1-0

[Event "Israel Championship finals"]
[Site "?"]
[Date "2002.11.26"]
[Round "2"]
[White "Lerner, Konstantin"]
[Black "Shachar, Ehud"]
[Result "1-0"]
[WhiteElo "2504"]
[BlackElo "2374"]
[PlyCount "123"]

1. Nf3 e6 2. c4 f5 3. g3 Nf6 4. Bg2 d5 5. b3 c6 6. O-O Bc5 7. d4 Bd6 8. Ba3 O-O
9. Qc1 b6 10. Rd1 Bb7 11. Ne5 Qe7 12. Bxd6 Qxd6 13. Nd2 Nbd7 14. Ndf3 Rac8 15.
Qb2 Qe7 16. Rac1 Nxe5 17. Nxe5 a5 18. Rc2 Nd7 19. Nd3 Ba6 20. Rdc1 Rfd8 21. Rc3
Nf6 22. Ne5 Nd7 23. Re3 Nxe5 24. Rxe5 Qd7 25. c5 b5 26. Qa3 a4 27. bxa4 bxa4
28. Qxa4 Ra8 29. Qc2 Bc4 30. e4 Rxa2 31. Qb1 Re2 32. Bf3 Rxe4 33. Bxe4 fxe4 34.
Qb2 Rf8 35. Rc3 h6 36. Qc2 Bb5 37. Qd1 Qf7 38. Qe1 Ra8 39. Qc1 Ra4 40. Qe3 Ra2
41. Rc1 Ra4 42. Rd1 Bd3 43. Rxd3 exd3 44. Qxd3 Ra8 45. Qe2 Re8 46. h4 Qf6 47.
Kg2 Re7 48. h5 Qf7 49. f4 Kf8 50. Qg4 Kg8 51. Kf3 Qf6 52. Ke3 Qf7 53. Kd2 Qf6
54. Kc3 Qf7 55. Qg6 Qxg6 56. hxg6 Kf8 57. Kb4 Rb7+ 58. Ka4 Ke7 59. f5 Kf6 60.
Rxe6+ Kxf5 61. Rxc6 Ke4 62. Rd6 1-0

[Event "Israel Championship finals"]
[Site "?"]
[Date "2002.11.26"]
[Round "2"]
[White "Zilberman, Yaacov"]
[Black "Klenburg, Mikhail"]
[Result "1/2-1/2"]
[WhiteElo "2467"]
[BlackElo "2331"]
[PlyCount "152"]

1. d4 d5 2. Nf3 a6 3. Bf4 Nf6 4. e3 Bf5 5. c4 e6 6. Qb3 Qc8 7. Nc3 c6 8. Rc1
Nbd7 9. c5 h6 10. Be2 Be7 11. O-O O-O 12. Na4 Bd8 13. Rfd1 Bc7 14. Nd2 g5 15.
Bg3 Bg6 16. Re1 Ne4 17. Nxe4 Bxe4 18. f3 Bg6 19. Bd3 Bxg3 20. hxg3 Bxd3 21.
Qxd3 Qc7 22. g4 Nf6 23. Nc3 Kg7 24. Kf2 h5 25. gxh5 Nxh5 26. Ne2 f5 27. Rh1 Nf6
28. Qd2 Kg6 29. Rh3 Rh8 30. Rch1 Qg7 31. Qe1 Rxh3 32. Rxh3 Rh8 33. Qh1 Rxh3 34.
Qxh3 Qc7 35. b4 a5 36. a3 axb4 37. axb4 Qb8 38. Qg3 Qxg3+ 39. Kxg3 Nd7 40. Nc1
Nb8 41. Kf2 Kf6 42. Nd3 Na6 43. Ke2 Nc7 44. Kd2 Nb5 45. g3 Ke7 46. Ne5 Kf6 47.
Kd3 Ke7 48. g4 Kf6 49. Nd7+ Ke7 50. Nb6 Kd8 51. Na4 Ke7 52. Nb2 Nc7 53. Nd1 Ne8
54. Nf2 Nf6 55. Kc3 Kd8 56. b5 Kc7 57. b6+ Kd8 58. Kd3 Ke7 59. Ke2 fxg4 60.
fxg4 e5 61. Kf3 e4+ 62. Kg3 Nh7 63. Nh1 Nf8 64. Kh3 Ne6 65. Ng3 Ng7 66. Kg2 Ke6
67. Nf1 Ke7 68. Kf2 Ke6 69. Ng3 Ke7 70. Kg2 Ke6 71. Ne2 Kd7 72. Kh3 Ke6 73. Nc3
Kd7 74. Ne2 Ke6 75. Ng3 Ke7 76. Nh5 Kf7 1/2-1/2

[Event "Israel Championship finals"]
[Site "?"]
[Date "2002.11.26"]
[Round "2"]
[White "Tseitlin, Mark"]
[Black "Avrukh, Boris"]
[Result "0-1"]
[WhiteElo "2472"]
[BlackElo "2595"]
[PlyCount "106"]

1. e4 c5 2. Nf3 e6 3. Nc3 Nc6 4. Bb5 Nd4 5. O-O a6 6. Bd3 Nc6 7. Re1 g5 8. Kh1
Bg7 9. Bf1 h6 10. d3 Nge7 11. Ne2 d5 12. c3 dxe4 13. dxe4 Qxd1 14. Rxd1 b6 15.
Ng3 Rg8 16. Nd2 Ne5 17. Nc4 Nxc4 18. Bxc4 Bb7 19. Kg1 Be5 20. f3 Nc8 21. Nh5
Ke7 22. Be3 Nd6 23. Bf1 Bc6 24. Rd2 Bb5 25. Rad1 Ra7 26. b3 Bxf1 27. Kxf1 f5
28. exf5 Nxf5 29. Rd3 Bxh2 30. Bf2 g4 31. f4 Kf7 32. g3 Kg6 33. Kg2 Kxh5 34.
Kxh2 Rc7 35. Rd8 Rxd8 36. Rxd8 Rc6 37. a4 a5 38. Rb8 Kg6 39. Rg8+ Kf7 40. Rb8
Rd6 41. Rb7+ Kg6 42. Kg2 h5 43. Rb8 Kf7 44. Rb7+ Kg6 45. Rb8 Rd2 46. Kf1 Rd3
47. Rxb6 Nxg3+ 48. Kg2 h4 49. Bxc5 Rd2+ 50. Kg1 Kf5 51. Rb8 h3 52. Rh8 Rd1+ 53.
Kf2 h2 0-1

[Event "Israel Championship finals"]
[Site "?"]
[Date "2002.11.27"]
[Round "3"]
[White "Avrukh, Boris"]
[Black "Roiz, Michael"]
[Result "1/2-1/2"]
[WhiteElo "2595"]
[BlackElo "2512"]
[PlyCount "75"]

1. d4 d5 2. c4 c6 3. Nc3 Nf6 4. e3 a6 5. Nf3 e6 6. b3 Bb4 7. Bd2 Bd6 8. Qc2
dxc4 9. bxc4 c5 10. Bd3 Nc6 11. Ne4 cxd4 12. exd4 Bb4 13. c5 Bxd2+ 14. Qxd2 O-O
15. O-O Bd7 16. Rab1 Rb8 17. Rb2 Nxe4 18. Bxe4 Qc7 19. Rfb1 Rfd8 20. Rb6 Be8
21. Qe3 h6 22. h4 Na5 23. Qc3 Bc6 24. Nd2 Bxe4 25. Nxe4 Qf4 26. Nd6 Nc6 27.
Nxb7 Rxd4 28. Rxc6 Rxb7 29. Rc8+ Kh7 30. Qc2+ f5 31. Rxb7 Rd2 32. Qxd2 Qxd2 33.
Rb1 Qxa2 34. Rf1 Kg6 35. c6 Qc4 36. Re1 Kh5 37. c7 Qc6 38. Re3 1/2-1/2

[Event "Israel Championship finals"]
[Site "?"]
[Date "2002.11.27"]
[Round "3"]
[White "Greenfeld, Alon"]
[Black "Finkel, Alexander"]
[Result "1/2-1/2"]
[WhiteElo "2553"]
[BlackElo "2485"]
[PlyCount "33"]

1. Nf3 d6 2. d4 Bg4 3. c4 Nd7 4. d5 Bxf3 5. exf3 g6 6. Bd3 Bg7 7. O-O Ngf6 8.
Nc3 O-O 9. Bg5 c6 10. Re1 Rc8 11. Bf1 Re8 12. Re3 a6 13. f4 cxd5 14. Nxd5 e6
15. Nc3 Nb6 16. Qb3 d5 17. Bxf6 1/2-1/2

[Event "Israel Championship finals"]
[Site "?"]
[Date "2002.11.27"]
[Round "3"]
[White "Erenburg, Sergey"]
[Black "Kreizberg, Michael"]
[Result "1-0"]
[WhiteElo "2494"]
[BlackElo "2346"]
[PlyCount "43"]

1. e4 e5 2. Nf3 Nc6 3. Bc4 Bc5 4. c3 Nf6 5. d3 d6 6. Bb3 h6 7. Nbd2 O-O 8. h3
Nh5 9. d4 Bb6 10. Nc4 Qf6 11. Nxb6 axb6 12. O-O Nf4 13. Kh2 Ra5 14. Be3 exd4
15. cxd4 Rh5 16. Ng1 Ne7 17. Bxf4 Qxf4+ 18. g3 Qg4 19. Qxg4 Bxg4 20. f4 Bc8 21.
f5 d5 22. Bd1 1-0

[Event "Israel Championship finals"]
[Site "?"]
[Date "2002.11.27"]
[Round "3"]
[White "Klenburg, Mikhail"]
[Black "Bitansky, Igor"]
[Result "1-0"]
[WhiteElo "2331"]
[BlackElo "2370"]
[PlyCount "85"]

1. Nf3 c5 2. g3 Nc6 3. Bg2 e5 4. c4 g6 5. Nc3 Bg7 6. d3 d6 7. O-O Nge7 8. Ne1
O-O 9. Nc2 a6 10. Rb1 f5 11. f4 Be6 12. Ne3 b5 13. Ncd5 Rb8 14. b3 h6 15. Bd2
g5 16. Nc2 gxf4 17. gxf4 Ng6 18. Kh1 Kh7 19. e3 Rg8 20. Be1 exf4 21. exf4 Qd7
22. Bg3 Nd4 23. Nxd4 Bxd4 24. Qf3 Rg7 25. Rbe1 Rbg8 26. Re2 Nf8 27. Qh5 Rg6 28.
Rfe1 Qf7 29. Qh3 R8g7 30. Bf3 Qg8 31. Rg2 b4 32. Ree2 a5 33. Qh4 Qf7 34. Qd8 h5
35. Bxh5 Bxd5 36. cxd5 Qxd5 37. Bxg6+ Nxg6 38. Qg5 Qf3 39. h4 Be3 40. Qxf5 Kh8
41. Qe4 Qf1+ 42. Kh2 Bd4 43. Re1 1-0

[Event "Israel Championship finals"]
[Site "?"]
[Date "2002.11.27"]
[Round "3"]
[White "Lederer, Yoav"]
[Black "Hmelniker, Ilya"]
[Result "1/2-1/2"]
[WhiteElo "2272"]
[BlackElo "2298"]
[PlyCount "138"]

1. e4 e5 2. Bc4 Nf6 3. d3 Bc5 4. Nf3 Nc6 5. c3 d6 6. Bb3 a6 7. O-O O-O 8. h3
Ba7 9. Re1 h6 10. Nbd2 Be6 11. Nc4 Re8 12. Be3 Bxe3 13. Nxe3 d5 14. exd5 Nxd5
15. Nxd5 Bxd5 16. d4 e4 17. c4 Bxc4 18. Bxc4 exf3 19. Qxf3 Qd7 20. Red1 Rad8
21. Rd2 Re7 22. Rad1 Qd6 23. a3 g6 24. h4 h5 25. g3 Kg7 26. Bf1 Qf6 27. Bg2
Qxf3 28. Bxf3 Na5 29. Rc2 b5 30. b4 Nc4 31. a4 Red7 32. Bb7 c5 33. Bxa6 Rxd4
34. Rdc1 cxb4 35. Bxb5 b3 36. Rxc4 Rd1+ 37. Kg2 b2 38. Rxd1 Rxd1 39. Rb4 b1=Q
40. Rxb1 Rxb1 41. Bc6 Kf6 42. Be8 Ke7 43. Bb5 Rb4 44. Kf3 f6 45. Kg2 Rb3 46.
Bc4 Ra3 47. Bb5 g5 48. hxg5 fxg5 49. Be2 g4 50. Bb5 Ra2 51. Bc6 Kf6 52. Be8 Kg5
53. Bc6 Rc2 54. Bb7 Ra2 55. Bc6 Ra3 56. Kg1 Rc3 57. Bb7 Rc5 58. Ba6 Rc2 59. Bb7
Ra2 60. Bc6 h4 61. gxh4+ Kxh4 62. Kf1 Kg5 63. Kg2 Kf4 64. Kf1 Rc2 65. Bb7 Rc7
66. Ba6 Rc1+ 67. Kg2 Rc6 68. Be2 Rc5 69. Kf1 Rc1+ 1/2-1/2

[Event "Israel Championship finals"]
[Site "?"]
[Date "2002.11.27"]
[Round "3"]
[White "Pasman, Michael"]
[Black "Shachar, Ehud"]
[Result "1/2-1/2"]
[WhiteElo "2345"]
[BlackElo "2374"]
[PlyCount "90"]

1. d4 e6 2. Nf3 f5 3. g3 Nf6 4. Bg2 d5 5. O-O c6 6. c4 Be7 7. b3 O-O 8. Ba3
Nbd7 9. Qc1 Ne4 10. e3 a5 11. Nbd2 g5 12. Bxe7 Qxe7 13. Qb2 b6 14. Rfc1 Bb7 15.
Ne1 Rf6 16. Nd3 Raf8 17. f4 h5 18. Nxe4 fxe4 19. Ne5 gxf4 20. gxf4 Nxe5 21.
fxe5 Rg6 22. Qe2 Rf5 23. Kh1 Rfg5 24. Bh3 c5 25. cxd5 exd5 26. Rf1 Bc6 27. Rf4
Qg7 28. Qf2 cxd4 29. exd4 Bb5 30. Bf5 Rc6 31. h4 Rg3 32. Kh2 Rgc3 33. Rg1 Rc2
34. Be6+ Kh8 35. Rxg7 Kxg7 36. Rf7+ Kh6 37. Rf6+ Kg7 38. Rf7+ Kh6 39. Rf6+ Kg7
40. Bxd5 e3 41. Qxc2 Rxc2+ 42. Kg3 e2 43. Rf7+ Kh6 44. Rf6+ Kg7 45. Rf7+ Kh6
1/2-1/2

[Event "Israel Championship finals"]
[Site "?"]
[Date "2002.11.27"]
[Round "3"]
[White "Kundin, Alexander"]
[Black "Porat, Shay"]
[Result "1-0"]
[WhiteElo "2429"]
[BlackElo "2343"]
[PlyCount "93"]

1. e4 c5 2. Nf3 d6 3. d4 cxd4 4. Nxd4 Nf6 5. Nc3 g6 6. Be3 Bg7 7. f3 Nc6 8. Qd2
O-O 9. g4 Be6 10. O-O-O Nxd4 11. Bxd4 Qa5 12. a3 Rfc8 13. h4 Rab8 14. h5 b5 15.
hxg6 fxg6 16. g5 b4 17. gxf6 bxc3 18. Bxc3 Rxc3 19. Qxc3 Qxc3 20. bxc3 Bxf6 21.
f4 Bxc3 22. Rd3 Ba5 23. Rg3 Ba2 24. c4 Kg7 25. f5 Rb1+ 26. Kc2 Re1 27. fxg6
hxg6 28. Rh5 Bb1+ 29. Kb3 Bb6 30. Bg2 Bf2 31. Rg4 Bd3 32. Rh1 Re2 33. Kc3 Bc2
34. Bf1 Be1+ 35. Kd4 Bf2+ 36. Kc3 Be1+ 37. Kd4 Bf2+ 38. Kd5 Rd2+ 39. Ke6 Rd4
40. Rh2 Bxe4 41. Rxf2 Bf5+ 42. Rxf5 Rxg4 43. Rf7+ Kg8 44. Rxe7 Rf4 45. Bd3 Rd4
46. Bxg6 Rxc4 47. Kf6 1-0

[Event "Israel Championship finals"]
[Site "?"]
[Date "2002.11.27"]
[Round "3"]
[White "Vainshtein, Vladimir"]
[Black "Postny, Evgeny"]
[Result "1/2-1/2"]
[WhiteElo "2321"]
[BlackElo "2497"]
[PlyCount "101"]

1. e4 e5 2. Nf3 Nc6 3. Bb5 a6 4. Ba4 Nf6 5. O-O Be7 6. Re1 b5 7. Bb3 d6 8. c3
O-O 9. h3 Na5 10. Bc2 c5 11. b4 Nc6 12. d4 cxd4 13. cxd4 Nxb4 14. Bb3 Nc6 15.
Bb2 Bb7 16. Nc3 Na5 17. dxe5 dxe5 18. Nxe5 Qxd1 19. Raxd1 Nxb3 20. axb3 Rfd8
21. f3 Bc5+ 22. Kf1 a5 23. Rxd8+ Rxd8 24. Rd1 Rxd1+ 25. Nxd1 Ne8 26. Ke1 Nc7
27. Nd3 Bb6 28. Nc3 Ne6 29. Ne2 Kf8 30. Kd2 Ke8 31. Be5 f6 32. Nef4 Kd7 33.
Nxe6 Kxe6 34. Bf4 Bc6 35. Be3 Bc7 36. Bf4 Bd8 37. Nc5+ Ke7 38. Kc3 Bb6 39. Be3
Be8 40. Bd4 Bc7 41. Na6 Bg3 42. Kc2 b4 43. Bb6 Bb5 44. Nc7 Bxc7 45. Bxc7 a4 46.
Ba5 axb3+ 47. Kxb3 Bf1 48. g3 Bxh3 49. Bxb4+ Ke6 50. f4 Bg2 51. e5 1/2-1/2